| 000 | 00407nam a2200145 i 4500 | ||
|---|---|---|---|
| 001 | 46979 | ||
| 003 | ES-MaACL | ||
| 007 | t| | ||
| 008 | 030402q1975 sp ||||1| spa d | ||
| 100 | 1 |
_aConte Agüero, Luis. _940271 |
|
| 245 | 1 | 0 |
_aSaludo a España _b: versos de amor / _cLuis Conte Aguero. |
| 260 |
_a[S.l.] : _bEd. A.I.P., _c[1975?] |
||
| 300 |
_a127 p. ; _c22 cm. |
||
| 852 |
_aES-MaACL _jE-9009 _bR.93689 |
||
| 999 |
_c46979 _d46979 |
||